Statistics for Real Betis Biggest Transfers

Click here to take the quiz!

General Stats

  • This quiz has been taken 10 times
  • The average score is 60 of 160

Answer Stats

% Correct
OutgoingsSpainLBAlex Moreno22/23Aston Villa
100%
IncomingsSpainLBAlex Moreno19/20Rayo Vallecano
100%
IncomingsArgentinaAMGiovani Lo Celso19/20Paris Saint-Germain
100%
OutgoingsArgentinaAMGiovani Lo Celso19/20Tottenham Hotspur
100%
OutgoingsArgentinaAMGiovani Lo Celso20/21Tottenham Hotspur
100%
IncomingsArgentinaAMGiovani Lo Celso18/19Paris Saint-Germain
100%
IncomingsSpainCBMarc Bartra17/18Borussia Dortmud
100%
OutgoingsSpainCBMarc Bartra22/23Trabzonspor
100%
IncomingsSpainSTBorja Iglesias19/20Espanyol
90%
IncomingsBrazilRBEmerson Royal18/19Barcelona
90%
OutgoingsBrazilRBEmerson Royal21/22Barcelona
90%
OutgoingsSpainCMFabian Ruiz18/19Napoli
90%
IncomingsFranceAMNabil Fekir19/20Lyon
90%
IncomingsPortugalDMWilliam Carvalho18/19Sporting CP
90%
IncomingsBrazilLWDenilson98/99Sao Paulo
80%
IncomingsBrazilSTWillian Jose22/23Real Sociedad
80%
IncomingsMoroccoLWAbde Ezzalzouli23/24Barcelona
70%
IncomingsMexicoCMAndres Guardado17/18PSV
70%
IncomingsSpainLWCristian Tello17/18Barcelona
70%
OutgoingsSpainCMDani Ceballos17/18Real Madrid
70%
OutgoingsMexicoRWDiego Lainez23/24Tigres UANL
70%
IncomingsMexicoRWDiego Lainez18/19Club America
70%
IncomingsNigeriaRWFinidi George96/97Ajax
70%
OutgoingsNigeriaRWFinidi George00/01Mallorca
70%
OutgoingsSpainRWJoaquin06/07Valencia
70%
IncomingsSpainRWJoaquin15/16Fiorentina
70%
OutgoingsSpainGKPau Lopez19/20Roma
70%
OutgoingsSpainAMSergio Canales23/24Monterrey
70%
OutgoingsParaguaySTAntonio Sanabria20/21Torino
60%
IncomingsParaguaySTAntonio Sanabria16/17Roma
60%
IncomingsArgentinaCBGerman Pezzella21/22Fiorentina
60%
OutgoingsArgentinaCBGerman Pezzella18/19Fiorentina
60%
IncomingsArgentinaCBGerman Pezzella15/16River Plate
60%
OutgoingsSpainRBJuanfran Moreno14/15Watford
60%
IncomingsSpainLWJuanmi19/20Real Sociedad
60%
OutgoingsSpainLWJuanmi23/24Al-Riyadh
60%
OutgoingsSpainLBJunior Firpo19/20Barcelona
60%
OutgoingsItalyCBLuiz Felipe23/24Al-Ittihad
60%
IncomingsBrazilRWLuiz Henrique22/23Fluminense
60%
IncomingsSpainSTOli97/98Real Oviedo
60%
OutgoingsSpainSTRaul Garcia23/24Osasuna
60%
IncomingsBrazilSTRicardo Oliveira04/05Valencia
60%
IncomingsBrazilSTRicardo Oliveira08/09Real Zaragoza
60%
OutgoingsBrazilSTRicardo Oliveira06/07Milan
60%
OutgoingsBrazilSTRicardo Oliveira09/10Al-Jazira
60%
IncomingsAlgeriaAMRyad Boudebouz17/18Montpellier
60%
OutgoingsAlgeriaAMRyad Boudebouz19/20Saint-Etienne
60%
IncomingsSpainSTSergio Garcia08/09Real Zaragoza
60%
OutgoingsSpainSTSergio Garcia10/11Espanyol
60%
IncomingsSpainCMVictor Camarasa17/18Levante
60%
OutgoingsSpainCMVictor Camarasa19/20Crystal Palace
60%
IncomingsBrazilLBAbner22/23Athletico Paranaense
50%
IncomingsSpainSTAlfonso95/96Real Madrid
50%
OutgoingsSpainSTAlfonso00/01Barcelona
50%
OutgoingsSpainCMBenat Etxebarria13/14Athletic Bilbao
50%
IncomingsBrazilSSEdu04/05Celta Vigo
50%
IncomingsArgentinaDMGuido Rodriguez19/20Club America
50%
IncomingsSpainSTJonathan Pereira09/10Villarreal
50%
OutgoingsSpainSTJonathan Pereira13/14Villarreal
50%
IncomingsParaguaySTRoque Santa Cruz11/12Manchester City
50%
OutgoingsSpainSTSergio Leon19/20Levante
50%
IncomingsSpainSTSergio Leon17/18Osasuna
50%
IncomingsAlgeriaCBAissa Mandi16/17Reims
40%
IncomingsSenegalDMAlfred N'Diaye14/15Sunderland
40%
OutgoingsSenegalDMAlfred N'Diaye16/17Villarreal
40%
OutgoingsSpainGKAntonio Adan18/19Atletico Madrid
40%
IncomingsEquatorial GuineaLMBenjamin98/99Real Valladolid
40%
IncomingsUruguaySTBraian Rodriguez13/14Huachipato
40%
IncomingsItalyCBCristiano Piccini15/16Fiorentina
40%
OutgoingsItalyCBCristiano Piccini17/18Sporting CP
40%
IncomingsSpainGKDani Martin19/20Sporting Gijon
40%
IncomingsGermanyRWDavid Odonkor06/07Borussia Dortmud
40%
OutgoingsSpainCBEdgar Gonzalez23/24Almeria
40%
IncomingsSpainLMIsmael Lopez03/04Real Murcia
40%
IncomingsSpainDMJavi Garcia17/18Zenit
40%
OutgoingsFranceDMJonas Martin17/18Strasbourg
40%
IncomingsFranceDMJonas Martin16/17Montpellier
40%
IncomingsChileLWMark Gonzalez07/08Liverpool
40%
OutgoingsChileLWMark Gonzalez09/10CSKA Moscow
40%
IncomingsPortugalGKRicardo07/08Sporting CP
40%
OutgoingsDenmarkLBRiza Durmisi18/19Lazio
40%
IncomingsDenmarkLBRiza Durmisi16/17Brondby
40%
OutgoingsCroatiaLBRobert Jarni98/99Real Madrid
40%
IncomingsCroatiaLBRobert Jarni95/96Juventus
40%
IncomingsBrazilCBSidnei18/19Deportivo La Coruna
40%
IncomingsMoroccoCBZouhair Feddal17/18Alaves
40%
OutgoingsMoroccoCBZouhair Feddal20/21Sporting CP
40%
IncomingsSpainRBAntonio Barragan18/19Middlesbrough
30%
OutgoingsSerbiaCMDarko Brasanac19/20Osasuna
30%
IncomingsSerbiaCMDarko Brasanac16/17Partizan Belgrade
30%
IncomingsSpainLBLuis Fernandez96/97Racing Santander
30%
IncomingsBrazilCMMarcos Assuncao02/03Roma
30%
OutgoingsBrazilSTRafael Sobis08/09Al-Jazira
30%
IncomingsBrazilSTRafael Sobis06/07Internacional
30%
IncomingsSpainSTRuben Castro10/11Deportivo La Coruna
30%
IncomingsSpainCMSergi Altimira23/24Getafe
30%
OutgoingsJapanLWTakashi Inui19/20Eibar
30%
OutgoingsCameroonAMAchille Emana11/12Al-Hilal
20%
IncomingsCameroonAMAchille Emana08/09Toulouse
20%
IncomingsUruguayCBAlejandro Lembo03/04Nacional
20%
IncomingsSwitzerlandDMJohann Vogel06/07Milan
20%
IncomingsArgentinaSTMariano Pavone07/08Estudiantes
20%
OutgoingsIvory CoastDMPaul Akouokou23/24Lyon
20%
OutgoingsBrazilDMPetros17/18Sao Paulo
20%
IncomingsBrazilDMPetros15/16Corinthians
20%
OutgoingsSpainCBRoberto Rios97/98Athletic Bilbao
20%
IncomingsSpainGKToni Prats96/97Celta Vigo
20%
IncomingsRomaniaCBAlin Tosca16/17Steaua Bucharest
10%
OutgoingsSpainLWAngel Cuellar95/96Barcelona
10%
IncomingsSpainLWAngel Cuellar97/98Barcelona
10%
IncomingsParaguayCBCelso Ayala98/99River Plate
10%
OutgoingsParaguayCBCelso Ayala99/00Atletico Madrid
10%
IncomingsChileCMFelipe Gutierrez16/17Twente
10%
IncomingsSpainAMFernando02/03Real Madrid
10%
IncomingsSpainLMFernando97/98Real Valladolid
10%
OutgoingsSpainLMFernando99/00Deportivo La Coruna
10%
OutgoingsSpainRWFrancisco Portillo17/18Getafe
10%
IncomingsSpainRWFrancisco Portillo15/16Malaga
10%
OutgoingsSpainCMIsmael Gutierrez20/21Atletico Madrid
10%
IncomingsSpainCMIto98/99Celta Vigo
10%
IncomingsRomaniaCBIulian Filipescu98/99Galatasaray
10%
IncomingsIcelandCMJoey Gudjonsson01/02RKC Waalwijk
10%
IncomingsSpainSTJorge Molina10/11Elche
10%
IncomingsSpainRWJuanma08/09Levante
10%
IncomingsBrazilSTLeo Baptistao13/14Atletico Madrid
10%
IncomingsPortugalRBNelson08/09Benfica
10%
IncomingsCroatiaCMNenad Bjelica96/97Albacete
10%
OutgoingsCroatiaCMNenad Bjelica98/99Las Palmas
10%
IncomingsSpainSTPier95/96Sporting Gijon
10%
IncomingsBrazilSTRobert07/08PSV
10%
IncomingsSerbiaDMAlbert Nadj96/97Partizan Belgrade
0%
IncomingsSpainCMAlberto Rivera05/06Levante
0%
IncomingsSloveniaCBBranko Ilic07/08Domzale
0%
IncomingsPortugalCMCalado01/02Benfica
0%
IncomingsSpainRBDamia Abella06/07Barcelona
0%
OutgoingsSpainDMDani Pacheco17/18Getafe
0%
IncomingsSpainCBDavid Belenguer00/01Extremadura
0%
IncomingsArgentinaCBDiego Crosa99/00Newell's Old Boys
0%
OutgoingsArgentinaCBDiego Crosa02/03Boca Juniors
0%
IncomingsBrazilCBFabao99/00Flamengo
0%
IncomingsArgentinaSTGaston Casas00/01Huracan
0%
IncomingsSpainCMJavier Matilla11/12Villarreal
0%
IncomingsPortugalSTJoao Tomas01/02Benfica
0%
IncomingsSpainRBJorge Otero97/98Valencia
0%
IncomingsBrazilLWJorge Wagner06/07Internacional
0%
OutgoingsBrazilLWJorge Wagner07/08Sao Paulo
0%
OutgoingsSpainAMJose Mari96/97Athletic Bilbao
0%
IncomingsSpainAMJose Mari95/96Barcelona
0%
IncomingsArgentinaLMJuan Pablo Caffa06/07Arsenal de Sarandi
0%
IncomingsBrazilCBLima07/08Atletico Mineiro
0%
IncomingsSpainDMMiguel Angel05/06Malaga
0%
IncomingsNigeriaCMNosa Igiebor12/13Hapoel Tel Aviv
0%
IncomingsSpainSTPepe Galvez98/99Valencia
0%
IncomingsSpainCBRoberto Solozabal97/98Atletico Madrid
0%
IncomingsArgentinaCMSebastian Romero99/00Gimnasia
0%
OutgoingsArgentinaCMSebastian Romero02/03Racing Club
0%
IncomingsSpainSTTote03/04Real Madrid
0%
IncomingsParaguaySTVirgilio Ferreira96/97Cerro Porteno
0%
IncomingsPolandSTWojciech Kowalczyk94/95Legia Warsaw
0%
IncomingsSpainDMXavi Torres13/14Getafe
0%

Score Distribution

Percentile by Number Answered

Percent of People with Each Score

Your Score History

You have not taken this quiz